000 00584nam a2200241Ia 4500
003 20180611134806.0
005 20180611135139.0
008 170918s9999 xx 000 0 und d
020 _a9780545316552
050 _bR723 2011
100 _aRosenberg, Aaron
245 _aWorld War II /
245 _cby Aaron Rosenberg.
260 _aNew York :
260 _bScholastic,
260 _c2011
300 _a160 pages :
300 _bsome color illustrations ;
300 _c19cm.
440 _aProfiles : one event six bios.
500 _a940
942 _2ddc
_cBK
999 _c344222
_d344222